| 000 | 00457nam a2200157Ia 4500 | ||
|---|---|---|---|
| 003 | OSt | ||
| 005 | 20200915105647.0 | ||
| 008 | 190216s9999||||xx |||||||||||||| ||und|| | ||
| 040 | _coclc | ||
| 082 |
_a492.7 _bSAI/A |
||
| 100 |
_aSainudeen, E _94585 |
||
| 245 | 0 |
_aArabi Malayalam Paryaya Nighandu / _cE Sainudeen |
|
| 260 |
_bKerala Basha Institute, _aTrivandrum: _c1984. |
||
| 300 | _a48p | ||
| 942 |
_cBK _2ddc _h492.7 _iSAI/A _k492.7 _mSAI/A |
||
| 999 |
_c430 _d430 |
||